Girly Girl Edition (types of things) - Statistics

General Stats
  • This quiz has been taken 262 times
  • The average score is 12 of 15
Answer Stats
Hint Answer % Correct
gloss, chap, stick lip
98%
blush, eyeshadow, powder brush
94%
ulta, sephora, mac makeup store
94%
polish, acrylics, gel nails
94%
pushup, sports, demi bra
90%
pony, bun, braids hair style
90%
thong, g string, brief underwear
85%
skinny, bootcut, mom jeans
84%
hoop, stud, clip ons earrings
81%
princess, cushion, round rings
81%
brazilian, landing strip, bikini wax
77%
kitten, pump, wedge heel
75%
pleated, peplum, pencil skirt
64%
tampax, kotex, playtex tampons
63%
sheet, charcoal, clay masks
36%
No matching quizzes found
Score Distribution
Percent of People with Each Score
Percentile by Number Answered
Your Score History
You have not taken this quiz